| Tag |
First Indicator |
Second Indicator |
Subfields |
| LEADER |
00000cam a2200000 a 4500 |
| 001 |
in00000012827 |
| 005 |
20151007051918.0 |
| 008 |
870414s1987 nyuaf b 00110 eng |
| 010 |
|
|
|a 87011707
|
| 020 |
|
|
|a 0807611867
|
| 035 |
|
|
|a (OCoLC)15628590
|
| 035 |
|
|
|9 AAA5404AM
|
| 040 |
|
|
|a DLC
|c DLC
|d TXA
|d UtOrBLW
|
| 041 |
1 |
|
|a eng
|a rus
|
| 049 |
|
|
|a TXAM
|c [A10913147]
|
| 050 |
0 |
0 |
|a PN5279.M53
|b P77 1987
|
| 082 |
0 |
|
|a 077/.312
|2 19
|
| 100 |
1 |
|
|a Roxburgh, Angus.
|
| 245 |
1 |
0 |
|a Pravda :
|b inside the Soviet news machine /
|c by Angus Roxburgh.
|
| 264 |
|
1 |
|a New York :
|b G. Braziller,
|c 1987.
|
| 300 |
|
|
|a 285 pages, 4 unnumbered pages of plates :
|b illustrations ;
|c 22 cm.
|
| 336 |
|
|
|a text
|b txt
|2 rdacontent
|
| 337 |
|
|
|a unmediated
|b n
|2 rdamedia
|
| 338 |
|
|
|a volume
|b nc
|2 rdacarrier
|
| 500 |
|
|
|a "Selections from Pravda translated by Neilian and Angus Roxburgh."
|
| 504 |
|
|
|a Bibliography: pages [269]-274.
|
| 500 |
|
|
|a Includes indexes.
|
| 630 |
0 |
0 |
|a Pravda (Moscow, Russia)
|
| 730 |
0 |
|
|a Pravda (Moscow, Russia)
|
| 999 |
|
|
|a MARS
|
| 999 |
f |
f |
|s 2be4ed0f-80cd-379f-92e5-17da0ec1de01
|i 61dbb65a-9128-3914-b41c-383e9be2647a
|t 0
|
| 952 |
f |
f |
|p normal
|a Texas A&M University
|b College Station
|c Sterling C. Evans Library
|d Evans: Library Stacks
|t 0
|e PN5279.M53 P77 1987
|h Library of Congress classification
|i unmediated -- volume
|m A14810913147
|
| 998 |
f |
f |
|a PN5279.M53 P77 1987
|t 0
|l Evans: Library Stacks
|